00374nam a2200145Ia 4500008004100000020001500041041001200056082001100068100001200079245007200091260002500163300000800188650001000196700002200206221030s9999 xx 000 0 und d a0074623508 aEnglish a105.23 aH. Taub 0aPower System Protection & Switchgearcby H. Taub, D. N. Vishwakarma bTMHaNew Delhic2006 a456 aBB EE aD. N. Vishwakarma